5HLuxD.jpg

KING HENRY VIII SENIOR AND PRIMARY SCHOOL LIBRARY OPAC

Cambridge IGCSE® geography. (Record no. 2664)

000 -LEADER
fixed length control field 01310nam a2200373 i 4500
001 - CONTROL NUMBER
control field 021176450
003 - CONTROL NUMBER IDENTIFIER
control field UkOxU
005 - DATE AND TIME OF LATEST TRANSACTION
control field 20230809113034.0
008 - FIXED-LENGTH DATA ELEMENTS--GENERAL INFORMATION
fixed length control field 171103s2018 enkab 000|0|eng|d
015 ## - NATIONAL BIBLIOGRAPHY NUMBER
National bibliography number GBB800227
Source bnb
016 7# - NATIONAL BIBLIOGRAPHIC AGENCY CONTROL NUMBER
Record control number 018664996
Source Uk
020 ## - INTERNATIONAL STANDARD BOOK NUMBER
International Standard Book Number 9780008260163
Qualifying information paperback
035 ## - SYSTEM CONTROL NUMBER
System control number (Uk)018664996
040 ## - CATALOGING SOURCE
Original cataloging agency StDuBDS
Language of cataloging eng
Description conventions rda
Transcribing agency StDuBDS
Modifying agency UkOxU
-- KH8
082 04 - DEWEY DECIMAL CLASSIFICATION NUMBER
Classification number 910.712 BEL
100 1# - MAIN ENTRY--PERSONAL NAME
Personal name Belfield, John,
Relator term author.
245 10 - TITLE STATEMENT
Title Cambridge IGCSE® geography.
Name of part/section of a work Teacher's guide /
Statement of responsibility, etc. John Belfield, Alan Parkinson, Alison Rae, John Rutter.
250 ## - EDITION STATEMENT
Edition statement Third edition.
264 #1 - PRODUCTION, PUBLICATION, DISTRIBUTION, MANUFACTURE, AND COPYRIGHT NOTICE
Place of production, publication, distribution, manufacture London :
Name of producer, publisher, distributor, manufacturer Collins,
Date of production, publication, distribution, manufacture, or copyright notice [2018?]
264 #4 - PRODUCTION, PUBLICATION, DISTRIBUTION, MANUFACTURE, AND COPYRIGHT NOTICE
Date of production, publication, distribution, manufacture, or copyright notice ©2018
300 ## - PHYSICAL DESCRIPTION
Extent 239 pages :
Other physical details illustrations, maps ;
Dimensions 30 cm
336 ## - CONTENT TYPE
Content type term text
Source rdacontent
336 ## - CONTENT TYPE
Content type term still image
Source rdacontent
336 ## - CONTENT TYPE
Content type term cartographic image
Source rdacontent
337 ## - MEDIA TYPE
Media type term unmediated
Source rdamedia
338 ## - CARRIER TYPE
Carrier type term volume
Source rdacarrier
500 ## - GENERAL NOTE
General note "Also for Cambridge O level and Cambridge IGCSE (9-1)".
650 #0 - SUBJECT ADDED ENTRY--TOPICAL TERM
Topical term or geographic name entry element Geography
General subdivision Study and teaching (Secondary)
Geographic subdivision Great Britain.
650 #0 - SUBJECT ADDED ENTRY--TOPICAL TERM
Topical term or geographic name entry element Geography
General subdivision Study and teaching (Secondary)
-- Activity programs
Geographic subdivision Great Britain.
700 1# - ADDED ENTRY--PERSONAL NAME
Personal name Parkinson, Alan
Titles and other words associated with a name (Geography teacher),
Relator term author.
700 1# - ADDED ENTRY--PERSONAL NAME
Personal name Rae, Alison,
Relator term author.
700 1# - ADDED ENTRY--PERSONAL NAME
Personal name Rutter, John,
Dates associated with a name 1969-
Relator term author.
942 ## - ADDED ENTRY ELEMENTS (KOHA)
Source of classification or shelving scheme
Koha item type Teaching Resources
Holdings
Withdrawn status Lost status Source of classification or shelving scheme Damaged status Not for loan Collection code Permanent Location Current Location Shelving location Date acquired Full call number Barcode Date last seen Price effective from Koha item type
          Teaching Resources KH8 Senior School Library KH8 Senior School Library Staff Office 2023-08-09 910.712 BEL TRKHSL001485 2023-08-09 2023-08-09 Teaching Resources

Powered By KH8 IT Dept